000 00307nam a2200133Ia 4500
008 231129s1972||||xx |||||||||||||| ||spa||
040 _bspa
082 _a371.01 F862
100 _aFreinet Célestin
245 0 _aPor una escuela del pueblo
260 _c1972
264 _aFontanella
942 _2ddc
_cBKS
999 _c23080
_d23080